[Event "45th World U20 ch"]
[Site "Yerevan ARM"]
[Date "2006.10.08"]
[Round "6.28"]
[White "Movsisian, Vardan"]
[Black "Melkumian, Hrant"]
[Result "1-0"]
[WhiteElo "2293"]
[BlackElo "2391"]
[EventDate "2006.10.02"]
[PlyCount "67"]

1.e4 e5 2.Nf3 Nc6 3.Bc4 Bc5 4.c3 Nf6 5.d4 exd4 6.cxd4 Bb4+ 7.Nc3 Nxe4 8.
O-O Bxc3 9.d5 Ne5 10.Bb3 O-O 11.bxc3 d6 12.Nxe5 dxe5 13.Re1 Nf6 14.Rxe5 
Ng4 15.Re2 Qd6 16.g3 Bf5 17.Bf4 Qd7 18.Qd4 Rfe8 19.Rxe8+ Rxe8 20.f3 Nf6 
21.g4 Bg6 22.Qc5 Re7 23.Ba4 Qxa4 24.Qxe7 h5 25.Be5 Nd7 26.Bd4 Qb5 27.Re1 
Nf8 28.gxh5 Qd3 29.hxg6 Qxg6+ 30.Kf2 f6 31.Bc5 Qh6 32.Qxf8+ Kh7 33.Qe8 
Qxh2+ 34.Kf1 1-0

[Event "45th World U20 ch"]
[Site "Yerevan ARM"]
[Date "2006.10.08"]
[Round "6.29"]
[White "Niemi, Kalle"]
[Black "Toufighi, Homayoon"]
[Result "0-1"]
[WhiteElo "2282"]
[BlackElo "2386"]
[EventDate "2006.10.02"]
[PlyCount "48"]

1.e4 e6 2.d4 d5 3.Nc3 Bb4 4.e5 c5 5.a3 Bxc3+ 6.bxc3 Ne7 7.h4 Nbc6 8.h5 h6 
9.Qg4 Qa5 10.Bd2 Bd7 11.Qxg7 O-O-O 12.Nf3 Qa4 13.dxc5 Nf5 14.Qf6 Qxc2 15.
g4 Qe4+ 16.Be2 d4 17.Kf1 dxc3 18.gxf5 Nd4 19.Be3 Nxe2 20.Rh4 Qd5 21.a4 
Ng3+ 22.fxg3 Qxf3+ 23.Bf2 c2 24.fxe6 Bb5+ 0-1

[Event "45th World U20 ch"]
[Site "Yerevan ARM"]
[Date "2006.10.09"]
[Round "7.1"]
[White "Kryvoruchko, Yuriy"]
[Black "Pashikian, Arman"]
[Result "1/2-1/2"]
[WhiteElo "2581"]
[BlackElo "2527"]
[EventDate "2006.10.02"]
[PlyCount "39"]

1.e4 e5 2.Nf3 Nc6 3.Bb5 a6 4.Ba4 Nf6 5.O-O Be7 6.Re1 b5 7.Bb3 O-O 8.a4 b4 
9.d4 d6 10.dxe5 dxe5 11.Qxd8 Rxd8 12.Bg5 Kf8 13.Nbd2 Bb7 14.Bxf6 gxf6 15.
Bd5 Na5 16.Bxb7 Nxb7 17.Kf1 Na5 18.b3 Bc5 19.Rad1 Rd6 20.Nb1 1/2-1/2

[Event "45th World U20 ch"]
[Site "Yerevan ARM"]
[Date "2006.10.09"]
[Round "7.3"]
[White "Pantsulaia, Levan"]
[Black "Romanov, Evgeny"]
[Result "1-0"]
[WhiteElo "2596"]
[BlackElo "2500"]
[EventDate "2006.10.02"]
[PlyCount "117"]

1.Nf3 c5 2.c4 Nf6 3.Nc3 Nc6 4.g3 e6 5.Bg2 d5 6.cxd5 exd5 7.d4 Be7 8.O-O 
O-O 9.dxc5 Bxc5 10.Na4 Be7 11.Be3 Re8 12.Rc1 Bg4 13.h3 Be6 14.Nd4 Bd7 15.
a3 Ne4 16.Nc3 Bf6 17.Nxe4 dxe4 18.Nb5 Bxb2 19.Rc2 Be5 20.Rd2 Nb8 21.Bxe4 
Qc8 22.Nxa7 Qc7 23.Qc2 Qxc2 24.Rxc2 Bd4 25.Bxh7+ Kxh7 26.Bxd4 Re4 27.Bc5 
Na6 28.Bb6 Bxh3 29.Rb1 Bf5 30.f3 Rxe2 31.Rxe2 Bxb1 32.Re7 Kg6 33.Rxb7 Rb8 
34.Rxb8 Nxb8 35.Kf2 Kf5 36.Ke3 Ke6 37.Nb5 Ba2 38.Bd4 g6 39.Nc3 Bc4 40.Ne4 
Nc6 41.Bc3 Kd5 42.a4 Nb8 43.a5 Na6 44.Bd4 Ke6 45.Bb6 Kd7 46.Kf4 Ba2 47.Ke5
Bb3 48.Kf6 Ba2 49.Ng5 Ke8 50.Bd4 Bb3 51.Be5 Nc5 52.Bd6 Nb7 53.Bb4 Bc4 54.
a6 Nd8 55.a7 Bd5 56.Ba5 Ne6 57.Nxf7 Nd4 58.Nd6+ Kd7 59.Nc4 1-0

[Event "45th World U20 ch"]
[Site "Yerevan ARM"]
[Date "2006.10.09"]
[Round "7.4"]
[White "Stellwagen, Daniel"]
[Black "Meier, Georg"]
[Result "1/2-1/2"]
[WhiteElo "2576"]
[BlackElo "2484"]
[EventDate "2006.10.02"]
[PlyCount "74"]

1.e4 e6 2.d4 d5 3.Nc3 dxe4 4.Nxe4 Nd7 5.Nf3 Ngf6 6.Nxf6+ Nxf6 7.g3 b6 8.
Bg2 Bb7 9.O-O Be7 10.Qe2 O-O 11.Rd1 Qc8 12.c4 Re8 13.Bh3 Nd7 14.Be3 Bd6 
15.d5 exd5 16.cxd5 Qd8 17.Qb5 Nf6 18.Rac1 Qe7 19.Bg2 Rad8 20.Qc4 Qd7 21.
Nd4 Be5 22.d6 c5 23.Bxb7 Qxb7 24.Nf5 Qf3 25.Nh4 Qe4 26.b4 Qxc4 27.Rxc4 
cxb4 28.Rxb4 Rxd6 29.Rxd6 Bxd6 30.Ra4 Bb8 31.Nf5 Nd5 32.Rd4 Nxe3 33.Nxe3 
g6 34.Rd7 Kg7 35.Rb7 Rd8 36.Kg2 h5 37.h3 Kf6 1/2-1/2

[Event "45th World U20 ch"]
[Site "Yerevan ARM"]
[Date "2006.10.09"]
[Round "7.5"]
[White "Frolyanov, Dmitry"]
[Black "Filippov, Anton"]
[Result "1-0"]
[WhiteElo "2498"]
[BlackElo "2501"]
[EventDate "2006.10.02"]
[PlyCount "125"]

1.e4 e5 2.Nf3 Nc6 3.Bb5 a6 4.Ba4 Nf6 5.O-O Be7 6.Re1 b5 7.Bb3 d6 8.c3 O-O 
9.h3 Na5 10.Bc2 c5 11.d4 Qc7 12.Nbd2 Be6 13.Nf1 Nc4 14.d5 Bd7 15.b3 Nb6 
16.Ng3 c4 17.Be3 a5 18.Nd2 Ra6 19.Ne2 g6 20.bxc4 bxc4 21.Rb1 Rc8 22.Ng3 
Be8 23.Rf1 Bf8 24.Qf3 Nfd7 25.Qe2 Raa8 26.Rfc1 Rab8 27.Kh2 Bg7 28.Rb2 Na4 
29.Rxb8 Nxb8 30.Bd1 Nb2 31.Bc2 a4 32.Nb1 Na6 33.Na3 Qa5 34.Bb1 Nd3 35.Bxd3
cxd3 36.Qxd3 Nc5 37.Qe2 h5 38.Bg5 Rb8 39.c4 Bd7 40.Nb5 Bxb5 41.Rb1 Qc3 42.
cxb5 Kh7 43.Nf1 Rb7 44.f3 Bf8 45.Qd2 Qa3 46.Ne3 Nd7 47.Rb4 Nb6 48.Nc2 Qxa2
49.Qc3 Rb8 50.Qc7 Rc8 51.Qxf7+ Bg7 52.Bf6 Rg8 53.f4 Qxc2 54.f5 gxf5 55.
exf5 Qxf5 56.Rh4 a3 57.Rxh5+ Qxh5 58.Qxh5+ Bh6 59.Qf7+ Bg7 60.h4 a2 61.h5 
Kh8 62.Qg6 Bxf6 63.Qh6# 1-0

[Event "45th World U20 ch"]
[Site "Yerevan ARM"]
[Date "2006.10.09"]
[Round "7.8"]
[White "Khairullin, Ildar"]
[Black "Amin, Bassem"]
[Result "1-0"]
[WhiteElo "2543"]
[BlackElo "2504"]
[EventDate "2006.10.02"]
[PlyCount "117"]

1.e4 e5 2.Nf3 d6 3.d4 Nd7 4.Bc4 c6 5.a4 Be7 6.Nc3 Ngf6 7.O-O O-O 8.Re1 Qc7
9.b3 a5 10.Bb2 Nb6 11.Be2 Bg4 12.h3 Bxf3 13.Bxf3 Nfd7 14.Ne2 Bf6 15.Qd2 
Rfe8 16.Rad1 Nf8 17.Ba3 Nbd7 18.d5 c5 19.Nc3 Nb6 20.g3 Qe7 21.h4 g6 22.Nb5
h5 23.Bg2 Nh7 24.Bh3 Rf8 25.Qe3 Nd7 26.Bc1 Kh8 27.Qf3 Rg8 28.Na3 Nb6 29.
Bd2 Rg7 30.Bh6 Rgg8 31.Bd2 Rg7 32.Kf1 Rgg8 33.Qe2 Ra6 34.Qb5 Rga8 35.Qe2 
Rg8 36.Qb5 Rga8 37.Qd3 Bg7 38.Kg1 Rf8 39.Qb5 Rfa8 40.Qd3 Rf8 41.Re2 Rfa8 
42.Kf1 Nf8 43.Kg1 Kh7 44.Bg5 f6 45.Bd2 Bh6 46.Bc3 Nfd7 47.Qb5 Qd8 48.Rf1 
Bg7 49.Kh2 Qe7 50.Bd2 Nf8 51.f4 exf4 52.gxf4 f5 53.exf5 Qxh4 54.fxg6+ Kh8 
55.Qd3 Rd8 56.Qf5 Nbd7 57.Be1 Qf6 58.Qxh5+ Kg8 59.Bh4 1-0

[Event "45th World U20 ch"]
[Site "Yerevan ARM"]
[Date "2006.10.09"]
[Round "7.15"]
[White "Nechepurenko, Roman"]
[Black "Kim, Alexey"]
[Result "1-0"]
[WhiteElo "2479"]
[BlackElo "2428"]
[EventDate "2006.10.02"]
[PlyCount "55"]

1.e4 c5 2.Nf3 d6 3.d4 cxd4 4.Nxd4 Nf6 5.Nc3 a6 6.Be2 e6 7.g4 Nc6 8.g5 Nd7 
9.Be3 Qc7 10.f4 b5 11.a3 Na5 12.Qd2 Be7 13.O-O-O Rb8 14.Rhe1 O-O 15.h4 Rd8
16.h5 Bf8 17.g6 Nf6 18.gxf7+ Kxf7 19.f5 e5 20.Ne6 Bxe6 21.fxe6+ Kg8 22.Bg5
b4 23.axb4 Rxb4 24.Bxf6 gxf6 25.Rg1+ Kh8 26.e7 Qxe7 27.Nd5 Ra4 28.Rg8+ 1-0

[Event "45th World U20 ch"]
[Site "Yerevan ARM"]
[Date "2006.10.09"]
[Round "7.16"]
[White "Howell, David"]
[Black "Nasri, Amin"]
[Result "1-0"]
[WhiteElo "2471"]
[BlackElo "2227"]
[EventDate "2006.10.02"]
[PlyCount "51"]

1.d4 d5 2.c4 e6 3.Nc3 c6 4.e4 dxe4 5.Nxe4 Bb4+ 6.Bd2 Qxd4 7.Bxb4 Qxe4+ 8.
Be2 c5 9.Bxc5 Qxg2 10.Bf3 Qg5 11.Ba3 Nd7 12.Ne2 Ne5 13.Nc3 Ne7 14.Ne4 
Nxf3+ 15.Qxf3 Qa5+ 16.Kf1 Nf5 17.Rd1 Qa4 18.Qd3 Qd7 19.Qe2 Qc6 20.Rd6 Nxd6
21.Nxd6+ Kd7 22.Rg1 Rg8 23.Nxf7 Qb6 24.Qd3+ Ke8 25.Nd6+ Kd7 26.Nf5+ 1-0

[Event "45th World U20 ch"]
[Site "Yerevan ARM"]
[Date "2006.10.09"]
[Round "7.17"]
[White "Wang Li"]
[Black "Baramidze, David"]
[Result "1/2-1/2"]
[WhiteElo "2226"]
[BlackElo "2585"]
[EventDate "2006.10.02"]
[PlyCount "175"]

1.e4 e5 2.Nf3 Nc6 3.Bb5 a6 4.Ba4 Nf6 5.O-O Nxe4 6.d4 b5 7.Bb3 d5 8.dxe5 
Be6 9.c3 Be7 10.h3 O-O 11.Qe2 f6 12.exf6 Bxf6 13.Rd1 Re8 14.Be3 Bf7 15.Qd3
Ne7 16.Nbd2 Nxd2 17.Qxd2 c6 18.Re1 Nf5 19.Bc5 Qd7 20.Qf4 Ne7 21.a4 Ng6 22.
Qd6 Qb7 23.axb5 Rxe1+ 24.Rxe1 Qxb5 25.Bd1 Rd8 26.Be2 Qxb2 27.Qxc6 Qxc3 28.
Qb6 Nf4 29.Bxa6 Nxh3+ 30.Kf1 d4 31.Nxd4 Bc4+ 32.Bxc4+ Qxc4+ 33.Ne2 Nf4 34.
f3 Nd3 35.Rd1 Qxc5 36.Qb3+ Kh8 37.Rxd3 Re8 38.Qd5 Qc2 39.Rd2 Qb1+ 40.Rd1 
Qb2 41.Ng3 h6 42.Qd2 Qb5+ 43.Kg1 Bg5 44.Qd3 Qb6+ 45.Kf1 Bh4 46.Nh1 Qb2 47.
Kg1 Re2 48.Rb1 Rxg2+ 49.Kf1 Rf2+ 50.Kg1 Rd2 51.Rxb2 Rxd3 52.Kg2 Kh7 53.Nf2
Rd5 54.Ne4 h5 55.Rc2 Kh6 56.Rc6+ g6 57.Rc2 Be7 58.Rc7 Bd8 59.Rc2 Bb6 60.
Rb2 Be3 61.Re2 Bf4 62.Rc2 Ra5 63.Re2 Kg7 64.Rc2 Kf7 65.Re2 Be5 66.Rc2 Ke6 
67.Re2 Kf5 68.Rc2 h4 69.Re2 Ra3 70.Nf2 Bf4 71.Rb2 Be5 72.Re2 g5 73.Rc2 Bd4
74.Re2 Be3 75.Rc2 Bxf2 76.Kxf2 Ra4 77.Rb2 Kf4 78.Rc2 Rd4 79.Ra2 Ke5 80.Rb2
Rd5 81.Ra2 Kd4 82.Ra8 Kd3 83.Rg8 Rc5 84.Rd8+ Kc2 85.Rg8 Rd5 86.f4 gxf4 87.
Rh8 Kd3 88.Kf3 1/2-1/2

[Event "45th World U20 ch"]
[Site "Yerevan ARM"]
[Date "2006.10.09"]
[Round "7.20"]
[White "Hungaski, Robert"]
[Black "Margvelashvili, Giorgi"]
[Result "1-0"]
[WhiteElo "2366"]
[BlackElo "2456"]
[EventDate "2006.10.02"]
[PlyCount "141"]

1.e4 c5 2.Nf3 d6 3.d4 cxd4 4.Nxd4 Nf6 5.f3 Nc6 6.c4 Qb6 7.Nb3 a5 8.Qe2 a4 
9.Be3 Qb4+ 10.Bd2 Qb6 11.Be3 Qb4+ 12.Bd2 Qb6 13.Be3 Qd8 14.Nd4 g6 15.Nc3 
Bg7 16.Ndb5 O-O 17.Qd2 Bd7 18.Be2 Qa5 19.O-O Rfc8 20.Rac1 Ne5 21.Na3 Be8 
22.Rfd1 Ned7 23.Bf1 Nc5 24.Qf2 h5 25.Rc2 Kf8 26.Kh1 Bd7 27.h3 Be8 28.Qh4 
Ne6 29.Nd5 Nxd5 30.exd5 Bf6 31.Qf2 Nc5 32.g4 hxg4 33.hxg4 e5 34.Bh6+ Ke7 
35.Bd2 Qa7 36.Re1 Bd7 37.g5 Bg7 38.Nb5 Bxb5 39.cxb5 Kf8 40.Bb4 b6 41.f4 
exf4 42.Qxf4 Qd7 43.Bc3 Bxc3 44.bxc3 Qf5 45.Qh4 Qf3+ 46.Kg1 Kg8 47.Rh2 
Qxc3 48.Rh3 Qg7 49.Re2 Nd7 50.Reh2 Kf8 51.Qg4 Ke7 52.Qe2+ Ne5 53.Rh7 Qf8 
54.Qf2 Rc3 55.Qf6+ Kd7 56.Rh8 Rg3+ 57.Bg2 Nf3+ 58.Qxf3 Rxf3 59.Rxf8 Rxf8 
60.Bxf3 Re8 61.Bg4+ Kd8 62.Re2 Rh8 63.a3 Rf8 64.Rc2 f5 65.gxf6 Rxf6 66.Rf2
Ke7 67.Bd1 Rf5 68.Rxf5 gxf5 69.Bxa4 Kf6 70.Bb3 Ke5 71.a4 1-0

[Event "45th World U20 ch"]
[Site "Yerevan ARM"]
[Date "2006.10.09"]
[Round "7.21"]
[White "Brandenburg, Daan"]
[Black "Matsenko, Sergei"]
[Result "1/2-1/2"]
[WhiteElo "2421"]
[BlackElo "2363"]
[EventDate "2006.10.02"]
[PlyCount "122"]

1.e4 c5 2.Nf3 Nc6 3.c3 Nf6 4.e5 Nd5 5.Bc4 Nb6 6.Bb3 c4 7.Bc2 Qc7 8.Qe2 g5 
9.h3 Bg7 10.O-O Nxe5 11.Nxg5 h6 12.Nf3 Nxf3+ 13.Qxf3 d5 14.a4 a5 15.d4 
cxd3 16.Bxd3 e5 17.Qg3 Bf6 18.Na3 Bd7 19.Nb5 Bxb5 20.Bxb5+ Ke7 21.f4 e4 
22.Qf2 Rac8 23.Rd1 Rhd8 24.f5 Nc4 25.Bxh6 Qc5 26.Bxc4 Qxf2+ 27.Kxf2 Rxc4 
28.Be3 d4 29.cxd4 Bxd4 30.Bxd4 Rdxd4 31.Rxd4 Rxd4 32.Ke3 Rb4 33.g4 Kf6 34.
Kf4 e3+ 35.Kxe3 Rb3+ 36.Kf4 Rxh3 37.Ra3 Rh1 38.g5+ Kg7 39.Rb3 Rh4+ 40.Ke5 
f6+ 41.gxf6+ Kf8 42.Rxb7 Rxa4 43.f7 Rc4 44.Kf6 Rc6+ 45.Kg5 a4 46.Ra7 Rb6 
47.Rxa4 Rxb2 48.Ra8+ Kxf7 49.Ra7+ Kg8 50.Kg6 Rg2+ 51.Kf6 Rb2 52.Ra8+ Kh7 
53.Re8 Rf2 54.Rf8 Ra2 55.Rd8 Rf2 56.Re8 Rf1 57.Re5 Kg8 58.Ke7 Kg7 59.Ke6 
Ra1 60.Re2 Ra6+ 61.Ke5 Kf7 1/2-1/2

[Event "45th World U20 ch"]
[Site "Yerevan ARM"]
[Date "2006.10.09"]
[Round "7.22"]
[White "Kozlov, Roman"]
[Black "Sengupta, Deep"]
[Result "0-1"]
[WhiteElo "2337"]
[BlackElo "2420"]
[EventDate "2006.10.02"]
[PlyCount "100"]

1.Nf3 d6 2.d4 f5 3.g3 g6 4.Bg2 Bg7 5.O-O Nf6 6.c4 O-O 7.Nc3 Qe8 8.d5 a5 9.
Nd4 Na6 10.Re1 Qf7 11.Rb1 Bd7 12.b3 Nc5 13.Ncb5 Rac8 14.Bb2 g5 15.e3 h5 
16.Qc2 Qg6 17.a3 h4 18.b4 axb4 19.axb4 Na6 20.Ba1 hxg3 21.fxg3 Ng4 22.Ne6 
Bxe6 23.Bxg7 Qxg7 24.dxe6 c6 25.Nc3 f4 26.gxf4 gxf4 27.Kh1 fxe3 28.Nd1 d5 
29.Qd3 dxc4 30.Qxc4 Rcd8 31.Nxe3 Rd4 32.Qc3 Nf2+ 33.Kg1 Nh3+ 34.Kh1 Nf2+ 
35.Kg1 Ne4 36.Qc2 Nxb4 37.Qb2 Nd3 38.Qxb7 Nf4 39.Rb2 Nh3+ 40.Kh1 Nef2+ 41.
Rxf2 Nxf2+ 42.Kg1 c5 43.Nd5 Rg4 44.Ne3 Rg6 45.Qb1 Rg5 46.Qb7 Nd3 47.Rf1 
Rxf1+ 48.Kxf1 Qa1+ 49.Ke2 Nf4+ 50.Kf3 Nxg2 0-1

[Event "45th World U20 ch"]
[Site "Yerevan ARM"]
[Date "2006.10.09"]
[Round "7.24"]
[White "Babuian, Levon"]
[Black "Behmardi, Kalantari Rustam"]
[Result "1-0"]
[WhiteElo "2394"]
[BlackElo "2210"]
[EventDate "2006.10.02"]
[PlyCount "57"]

1.e4 e6 2.d4 d5 3.Nc3 Bb4 4.e5 c5 5.Bd2 Ne7 6.dxc5 Nd7 7.f4 O-O 8.Nf3 Nxc5
9.a3 Bxc3 10.Bxc3 Na4 11.Bd4 Nc6 12.b3 Nxd4 13.Qxd4 Qa5+ 14.Qb4 Qxb4+ 15.
axb4 Nb6 16.Kd2 a6 17.b5 Rd8 18.bxa6 bxa6 19.Nd4 f6 20.g3 Kf7 21.Be2 Nd7 
22.exf6 gxf6 23.Bh5+ Kg8 24.Nxe6 Bb7 25.Nxd8 Rxd8 26.Rhe1 Kf8 27.Re6 Nc5 
28.Rxf6+ Kg8 29.Bf3 1-0

[Event "45th World U20 ch"]
[Site "Yerevan ARM"]
[Date "2006.10.09"]
[Round "7.27"]
[White "Esen, Baris"]
[Black "Gregoire, Sylvain"]
[Result "1-0"]
[WhiteElo "2464"]
[BlackElo "2288"]
[EventDate "2006.10.02"]
[PlyCount "87"]

1.c4 Nf6 2.d4 c5 3.d5 e5 4.Nc3 d6 5.e4 a6 6.Nf3 Nbd7 7.Be2 Be7 8.O-O O-O 
9.Rb1 Ne8 10.b4 cxb4 11.Rxb4 Nc5 12.Ne1 f5 13.exf5 Bxf5 14.Nd3 Qa5 15.a3 
Bf6 16.Bb2 e4 17.Ne1 Qc7 18.Ba1 Qe7 19.Nc2 Be5 20.Ne3 Bd7 21.Na2 Rf6 22.
Bxe5 Qxe5 23.Bg4 Rf7 24.Bxd7 Rxd7 25.Nc1 Nf6 26.Ne2 Qg5 27.Nd4 Nd3 28.Ne6 
Qg6 29.Rb6 Re8 30.a4 h5 31.h3 h4 32.a5 Ne5 33.Qb3 Nh5 34.Kh1 Ree7 35.c5 
Rf7 36.c6 bxc6 37.dxc6 Rde7 38.c7 Rxc7 39.Nxc7 Kh7 40.Ne6 Nf3 41.Rxd6 Qg3 
42.Ng5+ Qxg5 43.Qxf7 Qxe3 44.Qxh5+ 1-0

[Event "45th World U20 ch"]
[Site "Yerevan ARM"]
[Date "2006.10.09"]
[Round "7.28"]
[White "Sangma, Rahul"]
[Black "Zarkua, Davit"]
[Result "0-1"]
[WhiteElo "2301"]
[BlackElo "2411"]
[EventDate "2006.10.02"]
[PlyCount "102"]

1.e4 c6 2.d4 d5 3.Nc3 dxe4 4.Nxe4 Bf5 5.Ng3 Bg6 6.h4 h6 7.Nf3 Nd7 8.h5 Bh7
9.Bd3 Bxd3 10.Qxd3 e6 11.Bf4 Qa5+ 12.Bd2 Qc7 13.O-O-O O-O-O 14.Ne4 Ngf6 
15.g3 Nxe4 16.Qxe4 Nf6 17.Qe2 Bd6 18.c4 c5 19.Bc3 cxd4 20.Bxd4 Rd7 21.Kb1 
Rhd8 22.Qe3 Bc5 23.Kc1 Ng4 24.Qc3 Nxf2 25.Bxf2 Bxf2 26.Qxg7 Qxc4+ 27.Qc3 
Qxc3+ 28.bxc3 Rxd1+ 29.Rxd1 Rxd1+ 30.Kxd1 Bxg3 31.Ke2 Kd7 32.Nd2 Be5 33.
Kd3 f5 34.Nb3 b6 35.c4 Bf6 36.a4 e5 37.c5 Kc6 38.cxb6 axb6 39.Ke3 Bg5+ 40.
Ke2 Kd5 41.a5 bxa5 42.Nxa5 Bd8 43.Nb3 Bb6 44.Kf3 Ke6 45.Nd2 Kf6 46.Kg3 Bc7
47.Kh4 e4 48.Nb3 Bb6 49.Nc1 Bf2+ 50.Kh3 Kg5 51.Ne2 Kxh5 0-1

[Event "45th World U20 ch"]
[Site "Yerevan ARM"]
[Date "2006.10.09"]
[Round "7.29"]
[White "Shoker, Samy"]
[Black "Rej, Tomek"]
[Result "1-0"]
[WhiteElo "2398"]
[BlackElo "2257"]
[EventDate "2006.10.02"]
[PlyCount "75"]

1.g3 e5 2.Bg2 d5 3.d3 Nf6 4.Nf3 Bd6 5.O-O Bg4 6.h3 Be6 7.Na3 Qd7 8.Ng5 Bf5
9.e4 Bxa3 10.exf5 Bd6 11.g4 h6 12.Nf3 Nc6 13.a3 e4 14.Nd2 O-O-O 15.c4 exd3
16.cxd5 Nd4 17.Nc4 Ne2+ 18.Kh1 h5 19.g5 Ng4 20.Qxd3 Rde8 21.Bd2 Bc5 22.
Rae1 b5 23.Rxe2 bxc4 24.Qxc4 Rxe2 25.Qxe2 Qd6 26.f4 Qb6 27.b4 Be3 28.Be1 
Qd6 29.Bg3 f6 30.Be4 fxg5 31.hxg4 hxg4+ 32.Kg2 gxf4 33.Qxe3 fxe3 34.Bxd6 
cxd6 35.Kg3 Re8 36.Rf4 e2 37.Kf2 g3+ 38.Kxe2 1-0

[Event "45th World U20 ch"]
[Site "Yerevan ARM"]
[Date "2006.10.09"]
[Round "7.30"]
[White "Hambardzumian, Yuri"]
[Black "Kalashian, David"]
[Result "1/2-1/2"]
[WhiteElo "2305"]
[BlackElo "2381"]
[EventDate "2006.10.02"]
[PlyCount "106"]

1.e4 c6 2.d4 g6 3.Be3 Bg7 4.Qd2 d6 5.f3 Nf6 6.Bd3 O-O 7.Ne2 Re8 8.c4 a6 9.
Nbc3 b5 10.Bh6 Bh8 11.h4 bxc4 12.Bxc4 d5 13.Bb3 dxe4 14.fxe4 e5 15.O-O-O 
exd4 16.Nxd4 Ng4 17.Rhf1 Ne5 18.Qf4 Qe7 19.Nf3 Be6 20.Bg5 f6 21.Bxe6+ Qxe6
22.Nxe5 fxg5 23.Qf7+ Qxf7 24.Nxf7 gxh4 25.Nxh8 Ra7 26.e5 Kxh8 27.Ne4 Rxe5 
28.Rd8+ Kg7 29.Nd6 Ra8 30.Rf7+ Kh6 31.Rh8 Re1+ 32.Kd2 Re6 33.Nc4 Kg5 34.
Rfxh7 c5 35.Rb7 Re4 36.b3 Rg4 37.Ne3 Rb4 38.Rxb4 cxb4 39.Nd5 Ra7 40.Rxb8 
Rd7 41.Rxb4 Rxd5+ 42.Ke2 Ra5 43.a4 Re5+ 44.Kf2 a5 45.Rb5 Kf4 46.b4 Re4 47.
bxa5 Rxa4 48.Kg1 g5 49.Kh2 g4 50.Rb8 Rxa5 51.Rh8 Kg5 52.Rg8+ Kf4 53.Rh8 
Kg5 1/2-1/2

[Event "45th World U20 ch"]
[Site "Yerevan ARM"]
[Date "2006.10.11"]
[Round "8.1"]
[White "Pantsulaia, Levan"]
[Black "Kryvoruchko, Yuriy"]
[Result "1/2-1/2"]
[WhiteElo "2596"]
[BlackElo "2581"]
[EventDate "2006.10.02"]
[PlyCount "88"]

1.Nf3 c5 2.c4 Nf6 3.Nc3 Nc6 4.g3 d5 5.d4 e6 6.cxd5 Nxd5 7.Bg2 Ndb4 8.e3 
cxd4 9.exd4 Nxd4 10.O-O Nxf3+ 11.Qxf3 Qa5 12.a3 Nc6 13.Rd1 Be7 14.b4 Nxb4 
15.axb4 Qxa1 16.Bh6 Qxd1+ 17.Qxd1 gxh6 18.Qh5 O-O 19.Qxh6 a5 20.Ne4 f6 21.
bxa5 Rxa5 22.h4 b5 23.Qf4 e5 24.Qc1 Ra7 25.Qc6 b4 26.Nc5 Kh8 27.Kh2 Bf5 
28.Qb6 Ra2 29.Ne6 Bxe6 30.Qxe6 Ra7 31.Qb6 Rd7 32.Bh3 Rd2 33.Kg2 Rc2 34.Be6
Bc5 35.Qc7 Rxf2+ 36.Kh3 Bd4 37.Qe7 Rb8 38.Qc7 Rf8 39.Qd6 Re8 40.Qd7 Rf8 
41.Kg4 Bc3 42.Kh5 e4 43.Bf5 Rxf5+ 44.Qxf5 Rg8 1/2-1/2

[Event "45th World U20 ch"]
[Site "Yerevan ARM"]
[Date "2006.10.11"]
[Round "8.6"]
[White "Pashikian, Arman"]
[Black "Deepan Chakravarthy, Jeyakumar"]
[Result "1-0"]
[WhiteElo "2527"]
[BlackElo "2501"]
[EventDate "2006.10.02"]
[PlyCount "45"]

1.d4 d5 2.c4 c6 3.Nc3 Nf6 4.Nf3 e6 5.Bg5 h6 6.Bh4 dxc4 7.e4 g5 8.Bg3 b5 9.
Be2 Bb7 10.O-O Nbd7 11.Ne5 Bg7 12.Nxd7 Nxd7 13.Bd6 a6 14.Bh5 e5 15.f4 exd4
16.Qg4 Nf8 17.fxg5 Qxd6 18.Rxf7 Kd8 19.Rxg7 Bc8 20.Qh4 Bd7 21.e5 Qc5 22.
Ne4 Qxe5 23.g6+ 1-0

[Event "45th World U20 ch"]
[Site "Yerevan ARM"]
[Date "2006.10.11"]
[Round "8.9"]
[White "Filippov, Anton"]
[Black "Warakomski, Tomasz"]
[Result "0-1"]
[WhiteElo "2501"]
[BlackElo "2446"]
[EventDate "2006.10.02"]
[PlyCount "164"]

1.d4 f5 2.c4 Nf6 3.Nc3 d6 4.Nf3 g6 5.h4 Bg7 6.h5 Nxh5 7.e4 Nf6 8.Bd3 c6 9.
exf5 gxf5 10.Qc2 Na6 11.a3 e6 12.Bf4 Qe7 13.O-O-O Bd7 14.Bxf5 O-O-O 15.Bd3
Nc7 16.Kb1 Be8 17.Rde1 Kb8 18.Bg5 h6 19.Bh4 Qf8 20.Ne2 Rd7 21.Nf4 Nh5 22.
Ng6 Bxg6 23.Bxg6 Nf4 24.Rhg1 Nxg2 25.Rxg2 Qxf3 26.Rg3 Qf8 27.Qd2 Qc8 28.
Rb3 Rf8 29.Bg3 Ka8 30.Bh5 Qd8 31.Bg4 Qf6 32.Rd3 Qg6 33.Bd1 h5 34.Bc2 Qf6 
35.Rh1 Rh8 36.Bh4 Qf7 37.Rdh3 Qf8 38.Rb3 Bh6 39.Qa5 Qf4 40.Qb4 Na6 41.Qc3 
Bg7 42.Qe3 Qxd4 43.Qxd4 Bxd4 44.Rf3 Nc7 45.Bg3 b5 46.Be4 Kb7 47.Rd3 e5 48.
cxb5 Nxb5 49.a4 d5 50.Bf5 Rf7 51.Bg6 Rf6 52.Rxd4 exd4 53.Be5 Rxg6 54.Bxh8 
Nd6 55.Bxd4 Rg4 56.Be5 Nf7 57.Bc3 Rxa4 58.Rxh5 Rf4 59.Rh2 c5 60.Kc2 Kc6 
61.Kd3 d4 62.Bd2 Ne5+ 63.Ke2 d3+ 64.Kd1 Rg4 65.Rh3 Rg1+ 66.Be1 Nc4 67.Rh6+
Kd7 68.Rh7+ Ke6 69.Rh6+ Ke7 70.Rh7+ Kf6 71.Rd7 Nxb2+ 72.Kd2 c4 73.Rxa7 c3+
74.Kxc3 Rxe1 75.Rd7 Re2 76.Rd8 Kg5 77.Rd4 Rxf2 78.Rd8 Kg4 79.Rd7 Re2 80.
Rd8 Kf3 81.Rf8+ Kg2 82.Rg8+ Kf2 0-1

[Event "45th World U20 ch"]
[Site "Yerevan ARM"]
[Date "2006.10.11"]
[Round "8.11"]
[White "Amin, Bassem"]
[Black "Wen Yang"]
[Result "0-1"]
[WhiteElo "2504"]
[BlackElo "2416"]
[EventDate "2006.10.02"]
[PlyCount "74"]

1.e4 c5 2.Nf3 Nc6 3.d3 g6 4.g3 Bg7 5.Bg2 Nf6 6.O-O d5 7.Qe2 Bg4 8.c3 Qd7 
9.Re1 O-O 10.Nbd2 Rad8 11.Nb3 b6 12.e5 Ne8 13.d4 cxd4 14.cxd4 a5 15.Be3 f6
16.exf6 Nxf6 17.Rac1 Rc8 18.Nbd2 Nb4 19.a3 Nc2 20.Red1 Ne4 21.Nb3 a4 22.
Rxc2 Rxc2 23.Qxc2 axb3 24.Qxb3 Bxf3 25.Bxf3 Rxf3 26.Qxb6 Rf8 27.Rc1 Qf5 
28.f4 Nf6 29.Re1 Ng4 30.Bd2 Qc2 31.Qb4 Qd3 32.Rxe7 Qf3 33.Be1 Ne3 34.Rxg7+
Kxg7 35.Qe7+ Rf7 36.Qe5+ Rf6 37.Qe7+ Kh6 0-1

[Event "45th World U20 ch"]
[Site "Yerevan ARM"]
[Date "2006.10.11"]
[Round "8.13"]
[White "Magalashvili, Davit"]
[Black "Grachev, Boris"]
[Result "1/2-1/2"]
[WhiteElo "2459"]
[BlackElo "2583"]
[EventDate "2006.10.02"]
[PlyCount "213"]

1.c4 e6 2.d4 d5 3.Nf3 c6 4.Qb3 a5 5.Bg5 Nf6 6.Nbd2 h6 7.Bh4 a4 8.Qc2 dxc4 
9.Qxc4 a3 10.b3 Nbd7 11.e3 Qa5 12.Bd3 Nd5 13.Qc1 Nb4 14.Be2 b5 15.O-O Bb7 
16.Ne4 Rc8 17.Bg3 c5 18.Nd6+ Bxd6 19.Bxd6 Nd5 20.dxc5 Nc3 21.Qd2 b4 22.Bc4
Nxc5 23.Qd4 N5e4 24.Qxg7 Nxd6 25.Qxh8+ Ke7 26.Qxh6 Rg8 27.Qh3 Qa8 28.Nh4 
Nde4 29.f4 Nf6 30.f5 e5 31.Nf3 Nce4 32.Rad1 Rh8 33.Nh4 Qf8 34.Bd3 Qh6 35.
Bxe4 Bxe4 36.Qg3 Qxh4 37.Qxe5+ Kf8 38.Rd8+ Kg7 39.Rxh8 Qg4 40.Qg3 Qxg3 41.
hxg3 Kxh8 42.Rd1 Kg7 43.Rd4 Bb1 44.Rxb4 Bxa2 45.Ra4 Bxb3 46.Rxa3 Bc2 47.
Ra5 Ng4 48.Rc5 Be4 49.Rc3 Bxf5 50.Ra3 Kf6 51.Kf1 Be4 52.Ke2 Kg5 53.Ra7 f5 
54.Rg7+ Kf6 55.Ra7 Bxg2 56.Ra5 Be4 57.Ra7 Ne5 58.Kf2 Ke6 59.Ra6+ Kf7 60.
Rb6 Ng4+ 61.Ke2 Nf6 62.Ra6 Kg6 63.Ra7 Bh1 64.Ra1 Bg2 65.Kf2 Bh3 66.Ra7 Bg4
67.Ra6 Kg5 68.Kg2 Be2 69.Ra7 Bd1 70.Rg7+ Kh6 71.Ra7 Kg6 72.Kf1 Nd5 73.Kf2 
Bg4 74.Ra3 Kf6 75.Ra6+ Ke5 76.Rc6 Nf6 77.Rc4 Kd5 78.Rd4+ Kc5 79.Rd8 Ne4+ 
80.Kg2 Kc4 81.Rd4+ Kc3 82.Rd8 Kc2 83.Rd4 Nc3 84.Rd8 Nd1 85.Kf1 Kc3 86.Ke1 
Nxe3 87.Kf2 Nc4 88.Rc8 Kd4 89.Rd8+ Ke4 90.Re8+ Ne5 91.Re7 Bh5 92.Re6 Bf7 
93.Re7 Bd5 94.Ke2 Kd4 95.Kf2 Be4 96.Re8 Ng4+ 97.Ke2 Kd5 98.Rb8 Ke5 99.Re8+
Kf6 100.Rf8+ Kg7 101.Rb8 Nf6 102.Ke3 Kg6 103.Kf4 Bc2 104.Rb6 Kf7 105.Rxf6+
Kxf6 106.g4 fxg4 107.Kxg4 1/2-1/2

[Event "45th World U20 ch"]
[Site "Yerevan ARM"]
[Date "2006.10.11"]
[Round "8.15"]
[White "Geller, Jakov"]
[Black "Babuian, Levon"]
[Result "1/2-1/2"]
[WhiteElo "2501"]
[BlackElo "2394"]
[EventDate "2006.10.02"]
[PlyCount "146"]

1.Nf3 c5 2.e4 d6 3.d4 cxd4 4.Nxd4 Nf6 5.Nc3 a6 6.a4 e5 7.Nf3 Be6 8.Ng5 Nc6
9.Nxe6 fxe6 10.Bc4 Qd7 11.O-O Rd8 12.Ba2 Be7 13.Qf3 Nd4 14.Qd3 O-O 15.Be3 
Nc6 16.Bb6 Rde8 17.Qh3 Bd8 18.Bxd8 Nxd8 19.Rad1 g5 20.Qh6 Re7 21.Rd3 Rg7 
22.Rfd1 Rg6 23.Qh3 g4 24.Qe3 Nf7 25.Qb6 Ne8 26.Bb3 Qe7 27.Ne2 Nf6 28.Ng3 
h5 29.Rxd6 Nxd6 30.Rxd6 Ne8 31.Rxe6 Rxe6 32.Qxe6+ Qxe6 33.Bxe6+ Kh8 34.
Nxh5 Nd6 35.Ng3 b5 36.axb5 axb5 37.Bxg4 Ra8 38.Kf1 Ra2 39.Ke2 Rxb2 40.Kd3 
Rb4 41.Be6 Nb7 42.Kc3 Rd4 43.Nf5 b4+ 44.Kb2 Rd2 45.Bd5 Nc5 46.f3 Rxg2 47.
Nh6 Nd7 48.Ng4 Kg7 49.Be6 Nc5 50.Bc4 Nd7 51.Kb3 Rd2 52.h4 Kg6 53.Bb5 Nc5+ 
54.Kxb4 Rxc2 55.Be8+ Kg7 56.Nxe5 Ne6 57.h5 Ng5 58.Bd7 Kf6 59.Ng4+ Ke7 60.
Ba4 Rc1 61.Bb3 Nxf3 62.h6 Ng5 63.Bd5 Rg1 64.Ne5 Rh1 65.Kc4 Rxh6 66.Nc6+ 
Kd7 67.e5 Rh2 68.Nd4 Rf2 69.Kc5 Rf1 70.e6+ Ke7 71.Nc6+ Kf6 72.e7 Re1 73.
Kd6 Nf7+ 1/2-1/2